Süper Lig 2025/26 First XI - Statistics

General Stats
  • This quiz has been taken 56 times
  • The average score is 44 of 198
Answer Stats
Club Position Nationality Player % Correct
Galatasaray DM Lucas Torreira
88%
Galatasaray CB Davinson Sánchez
86%
Galatasaray DM Mario Lemina
86%
Trabzonspor GK Uğurcan Çakır
86%
Galatasaray FW Barış Alper Yılmaz
84%
Galatasaray AM Leroy Sané
84%
Galatasaray CB Abdülkerim Bardakcı
80%
Galatasaray RB Roland Sallai
80%
Galatasaray AM Gabriel Sara
76%
Galatasaray AM Yunus Akgün
76%
Galatasaray GK Günay Güvenç
71%
Fenerbahçe DM Fred
67%
Fenerbahçe FW Youssef En-Nesyri
67%
Galatasaray LB Eren Elmalı
65%
Beşiktaş GK Mert Günok
63%
Fenerbahçe LB Archie Brown
59%
Fenerbahçe CB Milan Škriniar
59%
Beşiktaş AM Milot Rashica
59%
Trabzonspor FW Paul Onuachu
59%
Beşiktaş DM Wilfred Ndidi
59%
Fenerbahçe AM Sebastian Szymański
57%
Beşiktaş FW Tammy Abraham
57%
Beşiktaş RB Jonas Svensson
55%
Fenerbahçe RB Nélson Semedo
55%
Beşiktaş AM Rafa Silva
55%
Fenerbahçe CB Jayden Oosterwolde
53%
Trabzonspor CB Stefan Savić
53%
Fenerbahçe AM Talisca
53%
Fenerbahçe GK İrfan Can Eğribayat
49%
Fenerbahçe DM İsmail Yüksek
49%
Beşiktaş DM Orkun Kökçü
49%
Beşiktaş LB David Jurásek
43%
Samsunspor GK Okan Kocuk
41%
Trabzonspor AM Oleksandr Zubkov
41%
Samsunspor RB Zeki Yavru
39%
Antalyaspor AM Abdülkadir Ömür
37%
Beşiktaş CB Emir Topçu
37%
Fenerbahçe AM Oğuz Aydın
37%
Beşiktaş CB Ohis Felix Uduokhai
37%
Samsunspor CB Rick van Drongelen
35%
Trabzonspor AM Anthony Nwakaeme
33%
Samsunspor CM Carlo Holse
33%
Başakşehir FW Eldor Shomurodov
33%
Eyüpspor FW Mame Baba Thiam
33%
Gaziantep FK AM Alexandru Maxim
31%
Göztepe GK Mateusz Lis
31%
Trabzonspor DM Okay Yokuşlu
31%
Eyüpspor DM Kerem Demirbay
29%
Başakşehir GK Muhammed Şengezer
29%
Trabzonspor LB Mustafa Eskihellaç
29%
Trabzonspor RB Wagner Pina
29%
Konyaspor FW Umut Nayir
27%
Koacaelispor FW Bruno Petković
24%
Başakşehir RW Deniz Turuc
24%
Konyaspor AM Enis Bardhi
24%
Samsunspor CM Olivier Ntcham
24%
Başakşehir LW Yusuf Sari
24%
Rizespor FW Ali Sowe
22%
Eyüpspor GK Berke Özer
22%
Eyüpspor AM Denis Drăguș
22%
Samsunspor FW Emre Kılınç
22%
Alanyaspor DM Maestro
22%
Kasımpaşa AM Mamadou Fall
22%
Eyüpspor CB Robin Yalçın
22%
Koacaelispor CM Samet Yalçın
22%
Antalyaspor CB Veysel Sarı
22%
Kasımpaşa CB Attila Szalai
20%
Kasımpaşa DM Cafú
20%
Samsunspor CM Celil Yüksel
20%
Başakşehir AM Crespo
20%
Göztepe AM Junior Olaitan
20%
Samsunspor LB Logi Tómasson
20%
Samsunspor FW Marius Mouandilmadji
20%
Trabzonspor DM Tim Jabol-Folcarelli
20%
Kayserispor CM Aaron Opoku
18%
Kasımpaşa AM Haris Hajradinović
18%
Başakşehir CB Jerome Opoku
18%
Trabzonspor AM Kazeem Olaigbe
18%
Samsunspor CB Ľubomír Šatka
18%
Gaziantep FK GK Mustafa Burak Bozan
18%
Kasımpaşa CB Nicholas Opoku
18%
Koacaelispor RB Ahmet Oğuz
16%
Başakşehir LB Christopher Operi
16%
Eyüpspor AM Emre Akbaba
16%
Fatih Karagümrük GK Ivo Grbić
16%
Gaziantep FK LB Kévin Rodrigues
16%
Başakşehir AM Olivier Kemen
16%
Fatih Karagümrük AM Tiago Çukur
16%
Konyaspor CB Adil Demirbağ
14%
Konyaspor AM Alassane Ndao
14%
Gaziantep FK LW Christopher Lungoyi
14%
Konyaspor AM Danijel Aleksić
14%
Gençlerbirliği GK Gökhan Akkan
14%
Alanyaspor AM Hwang Ui-jo
14%
Gaziantep FK AM Kacper Kozłowski
14%
Göztepe CB Malcom Bokélé
14%
Rizespor RB Muhammet Taha Şahin
14%
Koacaelispor CM Show
14%
Göztepe CB Taha Altıkardeş
14%
Gençlerbirliği LB Abdurrahim Dursun
12%
Kasımpaşa GK Andreas Gianniotis
12%
Gaziantep FK CB Arda Kızıldağ
12%
Trabzonspor CB Arsenii Batahov
12%
Başakşehir DM Berat Özdemir
12%
Kasımpaşa RB Cláudio Winck
12%
Gaziantep FK RW Deian Sorescu
12%
Beşiktaş AM Devrim Şahin
12%
Başakşehir RB Festy Ebosele
12%
Alanyaspor CB Fidan Aliti
12%
Göztepe CB Héliton
12%
Kayserispor LM Miguel Filipe Nunes Cardoso
12%
Antalyaspor AM Nikola Storm
12%
Rizespor AM Qazim Laçi
12%
Koacaelispor FW Ryan Mendes
12%
Rizespor CB Samet Akaydın
12%
Alanyaspor DM Yusuf Özdemir
12%
Kayserispor GK Bilal Bayazit
10%
Fatih Karagümrük DM Daniel Johnson
10%
Gençlerbirliği CB Dimitris Goutas
10%
Kayserispor CM Dorukhan Toköz
10%
Gaziantep FK FW Emmanuel Boateng
10%
Başakşehir CB Hamza Güreler
10%
Göztepe FW Janderson
10%
Fatih Karagümrük LB Jure Balkovec
10%
Kayserispor CB Lionel Carole
10%
Gençlerbirliği AM Metehan Mimaroğlu
10%
Kasımpaşa FW Pape Habib Guèye
10%
Gaziantep FK RB Salem M'bakata
10%
Antalyaspor FW Tomáš Čvančara
10%
Alanyaspor CB Ümit Akdag
10%
Koacaelispor GK Aleksandar Jovanović
8%
Göztepe DM Amine Cherni
8%
Fatih Karagümrük FW Andre Gray
8%
Göztepe DM Arda Kurtulan
8%
Kayserispor CB Arif Kocaman
8%
Fatih Karagümrük RB Atakan Çankaya
8%
Rizespor CB Attila Mocsi
8%
Fatih Karagümrük DM Berkay Özcan
8%
Gençlerbirliği FW Daniel Popa
8%
Alanyaspor DM Gaius Makouta
8%
Alanyaspor AM İbrahim Kaya
8%
Rizespor AM Ibrahim Olawoyin
8%
Kayserispor FW Indrit Tuci
8%
Gaziantep FK DM Juninho Bacuna
8%
Samsunspor FW Landry Dimata
8%
Eyüpspor CB Luccas Claro
8%
Konyaspor DM Marko Jevtović
8%
Koacaelispor LB Massadio Haïdara
8%
Eyüpspor DM Melih Kabasakal
8%
Rizespor DM Mithat Pala
8%
Gençlerbirliği DM Oghenekaro Etebo
8%
Koacaelispor FW Oğulcan Çağlayan
8%
Gençlerbirliği RB Pedro Pereira
8%
Kayserispor RB Ramazan Civelek
8%
Göztepe DM Rhaldney
8%
Konyaspor CB Riechedly Bazoer
8%
Eyüpspor AM Serdar Gürler
8%
Alanyaspor FW Uchenna Ogundu
8%
Koacaelispor CB Aaron Appindangoyé
6%
Konyaspor GK Bahadır Güngördü
6%
Antalyaspor CB Bahadır Öztürk
6%
Rizespor GK Erdem Canpolat
6%
Alanyaspor GK Ertuğrul Taşkıran
6%
Gençlerbirliği AM Fıratcan Üzüm
6%
Rizespor DM Giannis Papanikolaou
6%
Kayserispor RM Gideon Jung
6%
Konyaspor LB Guilherme Sityá
6%
Antalyaspor DM Jakub Kałuziński
6%
Kasımpaşa LB Jhon Espinoza
6%
Koacaelispor CM Joseph Nonge
6%
Göztepe FW Juan Santos
6%
Konyaspor DM Melih Ibrahimoglu
6%
Kasımpaşa AM Mortadha Ben Ouannes
6%
Fatih Karagümrük CB Muhammed Kadıoğlu
6%
Gaziantep FK CB Myenty Abena
6%
Alanyaspor CB Nuno Lima
6%
Antalyaspor RB Sander van de Streek
6%
Rizespor AM Valentin Mihaila
6%
Gençlerbirliği CB Žan Žužek
6%
Antalyaspor GK Abdullah Yiğiter
4%
Kasımpaşa DM Andri Fannar Baldursson
4%
Fatih Karagümrük CB Anıl Çınar
4%
Fatih Karagümrük AM Barış Kalayci
4%
Alanyaspor DM Enes Keskin
4%
Kayserispor CB Kayra Cihan
4%
Antalyaspor LB Kenneth Paal
4%
Koacaelispor CB Mateusz Wieteska
4%
Gençlerbirliği DM Moussa Kyabou
4%
Eyüpspor LB Nihad Mujakić
4%
Göztepe DM Novatus Dismas
4%
Kayserispor LB Nurettin Korkmaz
4%
Antalyaspor DM Soner Dikmen
4%
Eyüpspor RB Talha Ulvan
4%
Fatih Karagümrük AM Tarık Kalpaklı
4%
Konyaspor RB Yhoan Andzouana
4%
Rizespor LB Casper Højer Nielsen
2%
Antalyaspor AM Güray Vural
2%
Gençlerbirliği AM Michał Nalepa
2%
No matching quizzes found
Score Distribution
Percent of People with Each Score
Percentile by Number Answered
Your Score History
You have not taken this quiz